Normal view
MARC view
- NICHOLS, A.V,ARNOLD, R.R,HILL, H.C
Entry Personal Name
001 - CONTROL NUMBER
- control field: 76431
003 - CONTROL NUMBER IDENTIFIER
- control field: NUST
005 - DATE AND TIME OF LATEST TRANSACTION
- control field: 20210628205640.0
008 - FIXED-LENGTH DATA ELEMENTS
- fixed length control field: 210628|| aca||aabn | a|a d
040 ## - CATALOGING SOURCE
- Original cataloging agency: NUST
- Transcribing agency: NUST
100 ## - HEADING--PERSONAL NAME
- Personal name: NICHOLS, A.V,ARNOLD, R.R,HILL, H.C
670 ## - SOURCE DATA FOUND
- Source citation: Work cat.: (NUST): NICHOLS, A.V,ARNOLD, R.R,HILL, H.C, MODERN DATA PROCESSING, 1978
